000 00436nam a22001697a 4500
003 BD-ChCU
005 20251109143240.0
008 251103b bg ||||| |||| 00| 0 ben d
040 _cBD-ChCU
082 _a297.373 SIP
100 _a Siddiqi, S.A.
_915754
245 _aPublic Finance in Islam /
_cS.A. Siddiqi
260 _aLahore
_bAshraf
_c1952
300 _axiii , 252p
650 0 _aFinance - Islam
_915292
942 _2ddc
_cBK
_n0
999 _c109042
_d109042